[Event "Massy op"]
[Site "Massy"]
[Date "1992.??.??"]
[Round "8"]
[White "Bouton, Christophe"]
[Black "Wilke, Jens"]
[Result "1-0"]
[WhiteElo "2235"]
[BlackElo "2190"]
[PlyCount "167"]
[EventDate "1992.??.??"]
[EventType "swiss"]
[EventRounds "9"]
[EventCountry "FRA"]
[SourceTitle "EXT 1999"]
[Source "ChessBase"]
[SourceDate "1998.11.16"]
[SourceVersion "1"]
[SourceVersionDate "1998.11.16"]
[SourceQuality "1"]

1. c4 g6 2. Nc3 Bg7 3. g3 d6 4. Bg2 Nd7 5. d3 e5 6. h4 h6 7. Bd2 Ne7 8. h5 g5 9. e4 f5 10. Nd5 Nc5 11. Nxe7 Qxe7 12. Bc3 fxe4 13. dxe4 0-0 14. Qc2 a5 15. Bf1 Qf7 16. Rh2 Bd7 17. 0-0-0 b5 18. Rd5 Be6 19. f3 Bxd5 20. cxd5 Rfb8 21. b3 b4 22. Bb2 a4 23. Bc4 axb3 24. axb3 Nb7 25. g4 Na5 26. Kb1 c6 27. Rd2 Nxc4 28. Qxc4 cxd5 29. Qxd5 Qxd5 30. Rxd5 Rb6 31. Ne2 Rf8 32. Rd3 Rf6 33. Ng3 Bf8 34. Nf5 Kf7 35. Rd5 Ke6 36. Ra5 Rf7 37. Kc2 Rc6+ 38. Kd2 Rfc7 39. Ne3 Rc5 40. Ra4 Rf7 41. Nf5 Rb7 42. Ne3 Be7 43. Kd3 Bd8 44. Nc4 Bc7 45. Bc1 Rc6 46. Bd2 d5 47. exd5+ Kxd5 48. Bxb4 Bd8 49. Nd2 Rd7 50. Nc4 Ke6+ 51. Ke2 Be7 52. Bxe7 Rxe7 53. Rb4 Kd5 54. Rb5+ Kd4 55. Ne3 Ra7 56. Nf5+ Kc3 57. Rxe5 Kb2 58. Ke3 Ra1 59. Ke4 Rca6 60. Ng3 Kxb3 61. Kf5 Kc4 62. Ne4 Kd4 63. Nc5 Rb6 64. Ne6+ Kc4 65. Kg6 Rf1 66. Kxh6 Rxf3 67. Kxg5 Rg3 68. h6 Rb8 69. Kh5 Rg8 70. Ng7 Kd4 71. Re1 Rh3+ 72. Kg6 Ra8 73. g5 Kd5 74. Re6 Rh4 75. Rf6 Ke5 76. h7 Rh8 77. Nh5 Ra8 78. Kh6 Rb8 79. Rf7 Ke6 80. Rg7 Kf5 81. Rf7+ Ke6 82. Rb7 Ra8 83. Rb5 Ra3 84. g6 1-0